<?xml version="1.0" encoding="UTF-8"?>
<collection xmlns="http://www.loc.gov/MARC21/slim">
  <record>
    <leader>00000nam  2200000   4500</leader>
    <controlfield tag="001">INLIS000000000001197</controlfield>
    <controlfield tag="005">20230215035817</controlfield>
    <datafield tag="035" ind1="#" ind2="#">
      <subfield code="a">0010-1221000420</subfield>
    </datafield>
    <datafield tag="245" ind1="1" ind2="#">
      <subfield code="a">Faktor Penyebab Terjadinya Kerusakan Mesin Crusher pada Coal Handling PT. Bosowa Energi PLTU Jeneponto :</subfield>
      <subfield code="b">Tugas Akhir /</subfield>
      <subfield code="c">Herdianto Saputra</subfield>
    </datafield>
    <datafield tag="100" ind1="1" ind2="#">
      <subfield code="a">SAPUTRA, Herdianto</subfield>
    </datafield>
    <datafield tag="250" ind1="#" ind2="#">
      <subfield code="a">2018</subfield>
    </datafield>
    <datafield tag="300" ind1="#" ind2="#">
      <subfield code="a">ix, 27 halaman :</subfield>
      <subfield code="b">Gambar ;</subfield>
      <subfield code="c">20x29 cm</subfield>
    </datafield>
    <datafield tag="856" ind1="#" ind2="#">
      <subfield code="a">OPAC (Rak TA TIA 2018)</subfield>
    </datafield>
    <datafield tag="260" ind1="#" ind2="#">
      <subfield code="a">Makassar :</subfield>
      <subfield code="b">Politeknik ATI Makassar - Teknik Industri Agro,</subfield>
      <subfield code="c">2018</subfield>
    </datafield>
    <datafield tag="082" ind1="#" ind2="#">
      <subfield code="a">(R)2018 TA-TIA 818</subfield>
    </datafield>
    <datafield tag="084" ind1="#" ind2="#">
      <subfield code="a">(R)2018 TA-TIA 818 SAP f</subfield>
    </datafield>
    <datafield tag="650" ind1="#" ind2="4">
      <subfield code="a">Tugas Akhir TIA 2018</subfield>
    </datafield>
    <controlfield tag="008">230215################|##########|#|##</controlfield>
    <datafield tag="520" ind1="#" ind2="#">
      <subfield code="a">HERDIANTO SAPUTRA, 2018. Faktor penyebab kerusakan mesin crusher pada coal handling Pada PT. Bosowa Energi PLTU Jeneponto. Dibawah bimbingan Bapak Amrin Rapi selaku pembimbing I dan Bapak Muchsin Haruna selaku pembimbing II. Perusahaan PT. Bosowa Energi PLTU Jeneponto merupakan perusahaan yang bergerak dibidang pembangkit listrik tenaga uap yang memproses batubara menjadi uap sehingga menghasilkan listrik , Perusahaan ini harus beroperasi selama dua puluh empat jam per hari diluar dari jam lembur.Pada saat beroperasi mesin atau peralatan-peralatan yang digunakan terkadang mengalami kerusakancontohnya: mesin berkarat, kesalahan listrik, sehingga menghambat proses produksi. Hal itu terjadi karena tidak maksimalnya sistem pemeliharaan/perawatan yang diterapkan. Penelitian ini bertujuan untuk mengetahui apa penyebab sering terjadinya kerusakan pada mesin Crusher dengan menggunakan Metode Diagram sebab akibat atau diagram tulang ikan. Dari hasil analisa dapat diketahui bahwa ada beberapa faktor yang mempengaruhi kerusakan pada mesin Crusher seperti Machine, Man, dan Material. Namun, di lihat dari hasil analisa yang dilakukan bahwa kerusakan lebih dominan terjadi karena faktor manusia itu sendiri yaitu getaran terlalu tinggi, kurangnya pelumasan, sisa batu bara tdak di bersihkan, kelebihan muatan, kesalahan listrik, kurangnya perawatan secara teratur, material asing. Untuk mengurangi terjadinya kerusakan terhadap mesin maka, perlunya peningkatan pemeliharaan dan pemeriksaan alat-alat yang di gunakan agar tidak mengganggu proses produksi berlangsung.&#13;
Kata kunci : Diagram Fishbone atau sebab akibat</subfield>
    </datafield>
    <datafield tag="990" ind1="#" ind2="#">
      <subfield code="a">233/TA TIA 2018</subfield>
    </datafield>
  </record>
</collection>
